[Event "Preferente Aragonesa 2024 - Grupo II"]
[Site "?"]
[Date "2024.02.24"]
[Round "5.58"]
[White "Jaime Galeano, Alcher"]
[Black "Galve Guinea, Alejandro"]
[Result "1-0"]
[WhiteElo "1787"]
[BlackElo "1955"]
[PlyCount "113"]
[GameId "2166508129472910"]
[EventDate "2024.01.27"]
[WhiteTeam "MyInvestor Casablanca C"]
[BlackTeam "El Olivar B"]

1. e4 e6 2. d4 d5 3. Nc3 Bb4 4. Bd3 c5 5. a3 Bxc3+ 6. bxc3 c4 7. Be2 Nf6 8. exd5 exd5 9. Nf3 Ne4 10. Bd2 Nd7 11. O-O O-O 12. Re1 Ndf6 13. Ne5 Qa5 14. Bf1 Qa4 15. f3 Nxd2 16. Qxd2 Bf5 17. Re2 h6 18. g4 Bh7 19. Rg2 Nd7 20. g5 h5 21. g6 Bxg6 22. Nxg6 fxg6 23. Rxg6 Nf6 24. Bh3 Rae8 25. Kh1 Rf7 26. Qg5 Qc6 27. Rg1 Ree7 28. Qh6 Qd6 29. Bf5 Rc7 30. a4 Qe7 31. a5 Qe2 32. R6g3 Rce7 33. Qf4 Qe3 34. Qb8+ Re8 35. Qd6 Qe7 36. Qf4 Qe3 37. Qh4 Ree7 38. Bg6 Rf8 39. Bxh5 Qxc3 40. Bg6 Qe3 41. Rh3 Qh6 42. Qg3 Qe3 43. Rh4 Qe6 44. Rh3 Qe3 45. c3 b5 46. a6 b4 47. cxb4 Qxd4 48. f4 Rd8 49. Qh4 Kf8 50. Qh8+ Ng8 51. Rh5 Re6 52. Rf5+ Rf6 53. Rxf6+ Qxf6 54. Bh7 Kf7 55. Bxg8+ Rxg8 56. Qh5+ Ke6 57. Rg6 1-0

[Event "Preferente Aragonesa 2024 - Grupo II"]
[Site "?"]
[Date "2024.02.24"]
[Round "5.59"]
[White "Bailo Remacha, Santiago"]
[Black "Alvarez Gonzalo, Miguel Angel"]
[Result "0-1"]
[WhiteElo "1901"]
[BlackElo "1728"]
[PlyCount "116"]
[GameId "2166508129526159"]
[EventDate "2024.01.27"]
[WhiteTeam "El Olivar B"]
[BlackTeam "MyInvestor Casablanca C"]

1. c4 Nf6 2. Nf3 e6 3. d4 Bb4+ 4. Bd2 Bxd2+ 5. Nbxd2 O-O 6. g3 d6 7. Bg2 Nbd7 8. O-O e5 9. c5 e4 10. Ng5 d5 11. e3 h6 12. Nh3 Qe7 13. b4 a6 14. a4 c6 15. Nf4 Nh7 16. Qb3 Ndf6 17. f3 g5 18. Ne2 exf3 19. Nxf3 Ne4 20. Ra2 Kg7 21. Nc3 f6 22. Nxe4 dxe4 23. Nd2 Be6 24. Nc4 Bd5 25. Qc3 Qe6 26. Rc2 Rad8 27. Nd6 b5 28. a5 g4 29. Nf5+ Kg6 30. h4 h5 31. Rf4 Rf7 32. Nd6 Rxd6 33. cxd6 Qxd6 34. Bxe4+ Bxe4 35. Rxe4 Qxg3+ 36. Rg2 Qxh4 37. Re8 Kg7 38. e4 Ng5 39. Qg3 Qxg3 40. Rxg3 Nf3+ 41. Kf2 Nxd4 42. Rc3 Nf3 43. Rxc6 h4 44. Rxa6 Ne5 45. Ke3 h3 46. Raa8 Rd7 47. Rg8+ Kf7 48. Raf8+ Ke7 49. Re8+ Kf7 50. Rd8 Rxd8 51. Rxd8 g3 52. a6 h2 53. a7 h1=Q 54. a8=Q Qe1+ 55. Kd4 Qxb4+ 56. Kd5 Qc4+ 57. Kd6 Qb4+ 58. Kc7 Qc5+ 0-1

[Event "Preferente Aragonesa 2024 - Grupo II"]
[Site "?"]
[Date "2024.02.24"]
[Round "5.60"]
[White "Carretero Cacho, Juan Jose"]
[Black "Lacamara Pasamar, Miguel"]
[Result "0-1"]
[WhiteElo "2010"]
[BlackElo "1887"]
[PlyCount "80"]
[GameId "2166508129567120"]
[EventDate "2024.01.27"]
[WhiteTeam "Agrupacion B"]
[BlackTeam "Helios B"]

1. d4 Nf6 2. Nf3 e6 3. e3 d5 4. Bd3 Be7 5. O-O O-O 6. Nbd2 b6 7. e4 dxe4 8. Nxe4 Bb7 9. Neg5 h6 10. Nh3 Nbd7 11. Re1 c5 12. c3 cxd4 13. cxd4 Bb4 14. Bd2 Bxf3 15. gxf3 Bxd2 16. Qxd2 Nd5 17. Re4 Qf6 18. Rg4 Rfd8 19. Rg3 Qh4 20. Re1 N7f6 21. Bb1 Kf8 22. Be4 Nh5 23. Kg2 Nxg3 24. hxg3 Qf6 25. Qd3 Rac8 26. Bxd5 Rxd5 27. Nf4 Rxd4 28. Qa6 Rc7 29. Qb5 Rc2 30. Re2 Rxe2 31. Nxe2 Rd8 32. Nc3 Kg8 33. a4 Qe7 34. Ne4 Rd5 35. Qc4 Qd7 36. Nc3 Rd2 37. Qe4 Qd4 38. Qa8+ Kh7 39. Ne4 Rxb2 40. Qe8 Kg6 0-1

[Event "Preferente Aragonesa 2024 - Grupo II"]
[Site "?"]
[Date "2024.02.24"]
[Round "5.61"]
[White "Carraminana Lopez, Luis Antonio"]
[Black "Palasi Mainar, Miguel Angel"]
[Result "1-0"]
[WhiteElo "1865"]
[BlackElo "1814"]
[PlyCount "75"]
[GameId "2166508129603985"]
[EventDate "2024.01.27"]
[WhiteTeam "Helios B"]
[BlackTeam "Agrupacion B"]

1. e4 d6 2. d4 Nf6 3. Bd3 g6 4. Nf3 Bg7 5. O-O O-O 6. Re1 Bg4 7. h3 Bxf3 8. Qxf3 Nfd7 9. c3 c5 10. dxc5 Nxc5 11. Bf1 Nc6 12. Na3 a6 13. Bg5 b5 14. Rad1 Rc8 15. Nc2 Na4 16. Bc1 Qb6 17. Ne3 Qb7 18. Nd5 Rb8 19. Qe3 a5 20. b3 Nc5 21. Kh1 Rfd8 22. Qg3 b4 23. Bd2 e6 24. Nf4 Be5 25. Rc1 a4 26. bxa4 Nxa4 27. cxb4 Nxb4 28. Rb1 Nc5 29. Rxb4 Qa8 30. Qf3 Qxa2 31. Rxb8 Rxb8 32. Be3 Rb3 33. g4 Qc2 34. Bg2 Bxf4 35. Qxf4 Nd3 36. Qxd6 Nxe1 37. Qd8+ Kg7 38. Bd4+ 1-0

[Event "Preferente Aragonesa 2024 - Grupo II"]
[Site "?"]
[Date "2024.02.24"]
[Round "5.62"]
[White "Guerra Perez, Rafael"]
[Black "Anson Casaos, Alejandro"]
[Result "0-1"]
[WhiteElo "1803"]
[BlackElo "1794"]
[PlyCount "60"]
[GameId "2166508129640850"]
[EventDate "2024.01.27"]
[WhiteTeam "Agrupacion B"]
[BlackTeam "Helios B"]

1. d4 Nf6 2. Nf3 c5 3. e3 d5 4. c4 e6 5. Nc3 Nc6 6. cxd5 exd5 7. Be2 Be7 8. dxc5 Bxc5 9. O-O O-O 10. a3 Re8 11. Qc2 Qe7 12. Re1 Be6 13. Ng5 h6 14. Nxe6 fxe6 15. Bf3 Rac8 16. b4 Bb6 17. Qb3 Ne5 18. Be2 Qf8 19. h3 Re7 20. Nb5 Ne4 21. Rf1 Rf7 22. Qb2 Nc4 23. Bxc4 Rxc4 24. Qe2 a6 25. Nd4 e5 26. Nf3 Nc3 27. Qd2 Rxf3 28. gxf3 Qxf3 29. e4 Ne2+ 30. Kh2 Nf4 0-1

[Event "Preferente Aragonesa 2024 - Grupo II"]
[Site "?"]
[Date "2024.02.24"]
[Round "5.63"]
[White "Gonzalez Azuara, Javier"]
[Black "Casasnovas Sanchez, Raul"]
[Result "0-1"]
[WhiteElo "1707"]
[BlackElo "1604"]
[PlyCount "64"]
[GameId "2166508129677715"]
[EventDate "2024.01.27"]
[WhiteTeam "Helios B"]
[BlackTeam "Agrupacion B"]

1. d4 Nf6 2. c4 g6 3. Nc3 Bg7 4. Bf4 d6 5. h3 O-O 6. e3 Nbd7 7. Nf3 b6 8. Be2 Bb7 9. O-O Ne4 10. Nxe4 Bxe4 11. Ng5 Bb7 12. Bf3 Bxf3 13. Nxf3 c5 14. Rb1 Qc7 15. d5 b5 16. b3 b4 17. Re1 a5 18. e4 a4 19. Qe2 axb3 20. axb3 Bc3 21. Bd2 Ra2 22. Qd3 Ne5 23. Nxe5 Rxd2 24. Qe3 dxe5 25. Re2 Rxe2 26. Qxe2 Ra8 27. h4 Qa7 28. Rf1 Qa2 29. Qd1 Bd4 30. Kh1 Ra3 31. Qg4 Qxb3 32. Qd7 Qd3 0-1

[Event "Preferente Aragonesa 2024 - Grupo II"]
[Site "?"]
[Date "2024.02.24"]
[Round "5.64"]
[White "Muro Guerrero, Miguel"]
[Black "Ramo Frontinan, Cristobal"]
[Result "0-1"]
[WhiteElo "2055"]
[BlackElo "2310"]
[PlyCount "74"]
[GameId "2166508129714580"]
[EventDate "2024.01.27"]
[WhiteTeam "Dr. Azua"]
[BlackTeam "Maristas"]

1. e4 e5 2. Nf3 Nf6 3. Nxe5 d6 4. Nf3 Nxe4 5. d4 d5 6. Bd3 Nc6 7. O-O Bg4 8. Re1 Be7 9. c3 f5 10. Nbd2 O-O 11. Qb3 Kh8 12. Qxb7 Rf6 13. Qb3 Rg6 14. Ne5 Nxe5 15. dxe5 Nxf2 16. Be2 Bc5 17. Kf1 Nd3 18. Nf3 Bh3 19. Bxd3 Rxg2 20. Be3 Rxb2+ 21. Kg1 Bxe3+ 22. Rxe3 Rxb3 23. axb3 f4 24. Ree1 Bg4 25. Kf2 Qe7 26. b4 c5 27. e6 cxb4 28. cxb4 Qxb4 29. e7 Re8 30. Rab1 Qc5+ 31. Kg2 Bxf3+ 32. Kxf3 Qa3 33. Rb8 Qxd3+ 34. Kf2 Qe3+ 35. Kg2 f3+ 36. Kh3 Qh6+ 37. Kg3 Qd6+ 0-1

[Event "Preferente Aragonesa 2024 - Grupo II"]
[Site "?"]
[Date "2024.02.24"]
[Round "5.65"]
[White "Neila Castillo, Miguel Angel"]
[Black "Garcia Garcia, Enrique"]
[Result "1-0"]
[WhiteElo "2140"]
[BlackElo "1842"]
[PlyCount "115"]
[GameId "2166508129776021"]
[EventDate "2024.01.27"]
[WhiteTeam "Maristas"]
[BlackTeam "Dr. Azua"]

1. e4 c5 2. Nf3 d6 3. d4 Nf6 4. Nc3 cxd4 5. Nxd4 a6 6. Bc4 e6 7. Bb3 b5 8. O-O Be7 9. Qf3 Qc7 10. Re1 Nbd7 11. Qg3 Nc5 12. Qxg7 Rg8 13. Qh6 b4 14. Na4 Nxb3 15. cxb3 Rg6 16. Qd2 d5 17. e5 Ne4 18. Qc2 Qxc2 19. Nxc2 Bb7 20. Nd4 Nc5 21. Nxc5 Bxc5 22. Be3 Bxd4 23. Bxd4 Rg4 24. Rad1 Kd7 25. f3 Rgg8 26. Rc1 Rgc8 27. Kf2 a5 28. Ke3 Ra6 29. Rxc8 Bxc8 30. Rc1 Rc6 31. Rxc6 Kxc6 32. Kf4 Ba6 33. Kg5 Bf1 34. Kf6 Bxg2 35. Kxf7 Kd7 36. Bb6 Bxf3 37. Bxa5 Be4 38. Bxb4 Bb1 39. a4 Ba2 40. a5 Bxb3 41. a6 d4 42. a7 Bd5 43. Kg7 Be4 44. h4 d3 45. h5 Kc7 46. a8=Q Bxa8 47. Kxh7 Be4+ 48. Kg7 Kc6 49. h6 Kd5 50. Bc3 d2 51. Bxd2 Kxe5 52. h7 Bxh7 53. Kxh7 Kd5 54. Kg6 e5 55. b4 e4 56. Kf5 Kd4 57. Be1 e3 58. Kf4 1-0

[Event "Preferente Aragonesa 2024 - Grupo II"]
[Site "?"]
[Date "2024.02.24"]
[Round "5.66"]
[White "Casas Castillero, Jose Antonio"]
[Black "Naya Sancho, Jose Ignacio"]
[Result "0-1"]
[WhiteElo "1690"]
[BlackElo "2102"]
[PlyCount "72"]
[GameId "2166508129907094"]
[EventDate "2024.01.27"]
[WhiteTeam "Dr. Azua"]
[BlackTeam "Maristas"]

1. e4 c6 2. Nf3 d5 3. Nc3 Bg4 4. Be2 e6 5. a3 Nd7 6. d4 dxe4 7. Nxe4 Ngf6 8. Nxf6+ Nxf6 9. c3 Qc7 10. Ne5 Bxe2 11. Qxe2 Bd6 12. Nc4 Be7 13. Qe5 Qxe5+ 14. Nxe5 O-O 15. O-O Rfd8 16. Nc4 Nd5 17. Be3 Rac8 18. Rad1 f6 19. Rfe1 Kf7 20. Nd2 c5 21. dxc5 Nxe3 22. Rxe3 Rxc5 23. Re2 Rcd5 24. Kf1 f5 25. g3 e5 26. Ke1 Bg5 27. c4 Rd3 28. h3 e4 29. b4 f4 30. gxf4 Bxf4 31. a4 Rxh3 32. Rxe4 g5 33. Nf1 Rxd1+ 34. Kxd1 Ra3 35. a5 Ra2 36. Re2 Ra1+ 0-1

[Event "Preferente Aragonesa 2024 - Grupo II"]
[Site "?"]
[Date "2024.02.24"]
[Round "5.67"]
[White "Campo Millan, Diego"]
[Black "Abenia Porroche, Roberto"]
[Result "1-0"]
[WhiteElo "2060"]
[BlackElo "1686"]
[PlyCount "85"]
[GameId "2166508129960343"]
[EventDate "2024.01.27"]
[WhiteTeam "Maristas"]
[BlackTeam "Dr. Azua"]

1. Nf3 Nf6 2. g3 g6 3. Bg2 Bg7 4. O-O d5 5. d3 O-O 6. Nbd2 c6 7. c3 Nbd7 8. Qc2 Nc5 9. b4 Ncd7 10. Bb2 e5 11. e4 Qb6 12. Rab1 a5 13. a3 Re8 14. Nb3 a4 15. Nbd2 Nf8 16. c4 d4 17. c5 Qc7 18. Nc4 N8d7 19. Nd6 Rf8 20. Nc4 Re8 21. Nfd2 Nh5 22. Nd6 Rf8 23. N2c4 b5 24. cxb6 Nxb6 25. Nxc8 Nxc4 26. Qxc4 Qxc8 27. Bc1 Qa6 28. Qxa6 Rxa6 29. Bg5 h6 30. Bd2 g5 31. Rfc1 Nf6 32. Bf3 Raa8 33. Rxc6 Rfb8 34. Bd1 Nd7 35. Rbc1 Bf8 36. Bg4 Rb7 37. h4 gxh4 38. gxh4 Nb8 39. Rc8 Kg7 40. Bxh6+ Kxh6 41. Rxf8 Kg7 42. Re8 Rb5 43. Rcc8 1-0

[Event "Preferente Aragonesa 2024 - Grupo II"]
[Site "?"]
[Date "2024.02.24"]
[Round "5.68"]
[White "Gomez Calomarde, Saul"]
[Black "Jimenez Fernandez, Alejandro"]
[Result "1-0"]
[WhiteElo "2031"]
[BlackElo "1948"]
[PlyCount "61"]
[GameId "2166508130001304"]
[EventDate "2024.01.27"]
[WhiteTeam "Teruel B"]
[BlackTeam "Iberajedrez Mundo 64 B"]

1. d4 f5 2. e4 fxe4 3. Nc3 Nf6 4. Bg5 Nc6 5. d5 Ne5 6. f3 e3 7. Qd4 Nf7 8. Bxe3 d6 9. Bc4 g6 10. Nge2 Bg7 11. Qd2 Ne5 12. Bb3 O-O 13. Nd4 a6 14. a4 Qe8 15. h3 Kh8 16. f4 Nf7 17. O-O c5 18. dxc6 bxc6 19. Ne6 Bxe6 20. Bxe6 Nd8 21. Bb3 Qd7 22. a5 Nh5 23. Na4 Qb7 24. Nb6 Rb8 25. g4 Ng3 26. Rf3 Ne4 27. Qd3 d5 28. Nxd5 cxd5 29. Bxd5 Qxb2 30. Ra2 Nc5 31. Rxb2 1-0

[Event "Preferente Aragonesa 2024 - Grupo II"]
[Site "?"]
[Date "2024.02.24"]
[Round "5.69"]
[White "Sanchez Castro, Roberto"]
[Black "Romo Ramirez, Antonio"]
[Result "1-0"]
[WhiteElo "1916"]
[BlackElo "2015"]
[PlyCount "91"]
[GameId "2166508130156953"]
[EventDate "2024.01.27"]
[WhiteTeam "Iberajedrez Mundo 64 B"]
[BlackTeam "Teruel B"]

1. d4 g6 2. e4 Bg7 3. Nc3 c6 4. Be3 d6 5. Bc4 Nf6 6. f3 O-O 7. Bb3 Nbd7 8. Qd2 b5 9. Bh6 e5 10. Nge2 Qb6 11. Be3 Qc7 12. a4 b4 13. Nd1 a5 14. Bc4 Nb6 15. Bd3 Be6 16. dxe5 dxe5 17. Bxb6 Qxb6 18. Qe3 Qc7 19. b3 Nd7 20. Nb2 Nb6 21. Nc1 Rfd8 22. Bc4 Nxc4 23. bxc4 f5 24. O-O Qa7 25. Qxa7 Rxa7 26. Nb3 fxe4 27. fxe4 Bg4 28. h3 Bc8 29. Rad1 Rxd1 30. Rxd1 Kf7 31. Rd8 Bd7 32. Nc5 Be8 33. Nbd3 Bf6 34. Rb8 Kf8 35. Rb7 Rxb7 36. Nxb7 Bf7 37. Nxa5 Be8 38. Nb7 Ke7 39. Nxb4 Kd7 40. Nc5+ Kc7 41. a5 Be7 42. Nbd3 Bd6 43. Kf2 Bf7 44. Na6+ Kb7 45. Nab4 Bxc4 46. Kf3 1-0

[Event "Preferente Aragonesa 2024 - Grupo II"]
[Site "?"]
[Date "2024.02.24"]
[Round "5.70"]
[White "Pache Marconell, Juan"]
[Black "Garcia Monterde, Francisco Jose"]
[Result "1-0"]
[WhiteElo "1807"]
[BlackElo "1826"]
[PlyCount "87"]
[GameId "2166508130214298"]
[EventDate "2024.01.27"]
[WhiteTeam "Teruel B"]
[BlackTeam "Iberajedrez Mundo 64 B"]

1. e4 c5 2. Nf3 g6 3. c3 Bg7 4. d4 d5 5. dxc5 dxe4 6. Qxd8+ Kxd8 7. Ng5 Ke8 8. Nxe4 f5 9. Ng3 Nd7 10. Bb5 Ngf6 11. c6 bxc6 12. Bxc6 Rb8 13. O-O Kf7 14. Na3 Ba6 15. Rd1 Ne5 16. Ba4 Nd3 17. Bb3+ e6 18. Be3 Rb7 19. Bc4 Bxc4 20. Nxc4 Rc7 21. Nd6+ Ke7 22. Rxd3 Nd5 23. Nb5 Rb7 24. Bc5+ Kf6 25. Rxd5 exd5 26. Bd4+ Kg5 27. Bxg7 Rxg7 28. Nd4 Rb7 29. b3 Re8 30. Kf1 Rbe7 31. Nge2 Rc8 32. g3 Kf6 33. Nf4 Rd7 34. Rc1 g5 35. Nd3 a6 36. b4 a5 37. a3 Ra7 38. b5 Rac7 39. Nc6 a4 40. Nc5 Re8 41. Re1 Rxe1+ 42. Kxe1 h5 43. Kd2 Rc8 44. Kd3 1-0

[Event "Preferente Aragonesa 2024 - Grupo II"]
[Site "?"]
[Date "2024.02.24"]
[Round "5.71"]
[White "Barranco Castillo, Jose Antonio"]
[Black "Barcena Laguia, Francisco"]
[Result "1-0"]
[WhiteElo "1653"]
[BlackElo "1776"]
[PlyCount "71"]
[GameId "2166508130259355"]
[EventDate "2024.01.27"]
[WhiteTeam "Iberajedrez Mundo 64 B"]
[BlackTeam "Teruel B"]

1. c4 e5 2. g3 Nc6 3. Bg2 Nf6 4. Nc3 Bc5 5. e3 d6 6. Nge2 O-O 7. O-O h6 8. a3 a5 9. Qc2 Re8 10. d3 Be6 11. b3 Qd7 12. Nd5 Bxd5 13. cxd5 Ne7 14. Bb2 Nexd5 15. d4 exd4 16. Nxd4 Bxd4 17. Bxd4 c6 18. Rfd1 Qe6 19. Rac1 Nc7 20. Ba1 Rad8 21. Qb2 Qg4 22. Rd4 Qg6 23. Bf1 Ne6 24. Bd3 Qg5 25. h4 Qe5 26. Ra4 Qxb2 27. Bxb2 Nc5 28. Bb1 Nxa4 29. bxa4 Nd7 30. Bd4 c5 31. Bc3 b6 32. Bd3 Nf6 33. Rb1 Rb8 34. Bb5 Red8 35. f3 Nd5 36. e4 1-0

[Event "Campeonato de Aragon por Equipos 2024 - "]
[Site "?"]
[Date "2024.03.02"]
[Round "6.1"]
[White "Del Rey, Diego"]
[Black "Gines Esteo, Pedro Antonio"]
[Result "0-1"]
[WhiteElo "2345"]
[BlackElo "2343"]
[PlyCount "76"]
[GameId "2166508130308508"]
[EventDate "2024.01.27"]
[WhiteTeam "El Olivar"]
[BlackTeam "MyInvestor Casablanca A"]

1. d4 Nf6 2. Nf3 e6 3. c4 a6 4. Nc3 d5 5. cxd5 exd5 6. Bg5 Be6 7. Bxf6 Qxf6 8. Qb3 Ra7 9. g3 Qd8 10. h4 Be7 11. Bh3 Bxh3 12. Rxh3 c6 13. Kf1 Nd7 14. Kg2 Nf6 15. Qc2 O-O 16. a3 Re8 17. Rhh1 Bd6 18. e3 Qe7 19. Rae1 Raa8 20. Nd2 Qd7 21. Na4 Qg4 22. Qd1 Qf5 23. Nc3 Re6 24. Qb1 Qg4 25. Qd1 Qg6 26. h5 Qg5 27. Rh4 Rae8 28. Qf3 Bc7 29. b4 Rf8 30. Nb3 g6 31. Nc5 Re7 32. h6 Bd6 33. Nd3 Rfe8 34. Qd1 Rxe3 35. Rxe3 Rxe3 36. Nf4 Rxc3 37. Qe1 Ne4 38. Nh3 Qf5 0-1

[Event "Campeonato de Aragon por Equipos 2024 - "]
[Site "?"]
[Date "2024.03.02"]
[Round "6.2"]
[White "Glavina, Pablo"]
[Black "Miranda Herrera, Miguel"]
[Result "1-0"]
[WhiteElo "2390"]
[BlackElo "2121"]
[PlyCount "87"]
[GameId "2166508130353565"]
[EventDate "2024.01.27"]
[WhiteTeam "MyInvestor Casablanca A"]
[BlackTeam "El Olivar"]

1. e4 e5 2. Nf3 Nc6 3. Bb5 a6 4. Ba4 Nf6 5. O-O Be7 6. Re1 b5 7. Bb3 O-O 8. d3 d6 9. c3 Na5 10. Bc2 c5 11. Nbd2 Re8 12. Nf1 Bf8 13. Bg5 h6 14. Bxf6 Qxf6 15. Ne3 Bb7 16. Nd5 Qd8 17. a4 f5 18. b4 Bxd5 19. exd5 Nb7 20. Qb1 cxb4 21. Qxb4 Qc7 22. axb5 axb5 23. Qxb5 Na5 24. Ba4 e4 25. dxe4 fxe4 26. Qf1 Re7 27. Nd4 Qxc3 28. Ne6 Nb3 29. Bxb3 Rxa1 30. Rxa1 Qxb3 31. Ra8 Rf7 32. Qa1 Qb7 33. h3 Qe7 34. Qd4 Qb7 35. Rd8 Qb1+ 36. Kh2 Qb7 37. Kg3 Qe7 38. Qxe4 Qf6 39. f4 g6 40. Kh2 Kh7 41. Qa4 Be7 42. Rc8 g5 43. Qe4+ Qg6 44. Rh8+ 1-0

[Event "Campeonato de Aragon por Equipos 2024 - "]
[Site "?"]
[Date "2024.03.02"]
[Round "6.3"]
[White "Galstyan, David"]
[Black "Quintin Navarro, Alberto"]
[Result "0-1"]
[WhiteElo "2130"]
[BlackElo "2329"]
[PlyCount "100"]
[GameId "2166508130386334"]
[EventDate "2024.01.27"]
[WhiteTeam "El Olivar"]
[BlackTeam "MyInvestor Casablanca A"]

1. e4 c6 2. Nf3 d5 3. Nc3 Bg4 4. h3 Bxf3 5. Qxf3 e6 6. Be2 Nd7 7. d3 g6 8. O-O Bg7 9. Qg3 Ne7 10. h4 h6 11. h5 g5 12. f4 Bd4+ 13. Kh1 Qc7 14. Qh3 gxf4 15. Bxf4 Be5 16. Bxe5 Qxe5 17. exd5 cxd5 18. Rae1 Qg5 19. d4 a6 20. Bd3 Rg8 21. Ne2 Nf6 22. Nf4 Ng4 23. Bh7 Rg7 24. Bg6 Kd7 25. Qb3 b5 26. Nh3 Qh4 27. Bd3 Nf6 28. Re3 Nc6 29. Rf4 Rg4 30. Ref3 Nxd4 31. Qc3 Nxf3 32. Rxf3 d4 33. Qc5 Qxh5 34. Rf5 exf5 35. Bxf5+ Ke8 36. Qc6+ Kf8 37. Bxg4 Nxg4 38. Qxa8+ Kg7 39. Qf3 Nf6 40. Qg3+ Qg4 41. Qf2 Qd1+ 42. Ng1 Ne4 43. Qh4 Qxc2 44. Nf3 Qc1+ 45. Kh2 Qc7+ 46. Kh3 Qd7+ 47. Kh2 f5 48. Qf4 d3 49. Ne5 Qd6 50. Qxf5 Ng5 0-1

[Event "Campeonato de Aragon por Equipos 2024 - "]
[Site "?"]
[Date "2024.03.02"]
[Round "6.4"]
[White "Adla, Diego"]
[Black "Munoz Valles, Jorge"]
[Result "1-0"]
[WhiteElo "2350"]
[BlackElo "1985"]
[PlyCount "127"]
[GameId "2166508130423199"]
[EventDate "2024.01.27"]
[WhiteTeam "MyInvestor Casablanca A"]
[BlackTeam "El Olivar"]

1. c4 Nf6 2. Nf3 g6 3. g3 Bg7 4. Bg2 O-O 5. O-O d6 6. d4 Nc6 7. Nc3 e5 8. dxe5 dxe5 9. Bg5 h6 10. Qxd8 Rxd8 11. Bxf6 Bxf6 12. Nd5 Kg7 13. Nxc7 Rb8 14. e4 Be7 15. Nd5 Bc5 16. Rab1 a5 17. Ne1 Be6 18. Nd3 Bd4 19. b3 b5 20. cxb5 Rxb5 21. Nc7 Rb6 22. Nxe6+ fxe6 23. Rbc1 Nb4 24. Nxb4 axb4 25. Rfd1 Rbd6 26. Kf1 Bc3 27. Rxd6 Rxd6 28. Rc2 Rd2 29. Rxd2 Bxd2 30. Ke2 Bc1 31. Kd3 Kf6 32. Bf3 Ke7 33. h4 Kd6 34. Kc2 Ba3 35. Bg4 g5 36. h5 Ke7 37. Be2 Kd6 38. Ba6 Kc5 39. Kd3 Bb2 40. Bc8 Bd4 41. Ke2 Kd6 42. f3 Ke7 43. Kd3 Bc5 44. Kc4 Bd6 45. Kb5 Kf6 46. Kc6 Ke7 47. Ba6 Bb8 48. Bf1 Bd6 49. Bc4 Bb8 50. a4 bxa3 51. b4 Ba7 52. b5 Bd4 53. g4 Kd8 54. Bxe6 Ke7 55. Bd5 Kd8 56. b6 Kc8 57. b7+ Kb8 58. Kd6 a2 59. Bxa2 Kxb7 60. Ke6 Kc7 61. Kf6 Bc5 62. Kg7 Kd7 63. Kxh6 Ke7 64. Kg7 1-0

[Event "Campeonato de Aragon por Equipos 2024 - "]
[Site "?"]
[Date "2024.03.02"]
[Round "6.5"]
[White "Lorente Melcon, Maximo"]
[Black "Ramiro Ovejero, Juan Luis"]
[Result "0-1"]
[WhiteElo "2099"]
[BlackElo "2297"]
[PlyCount "138"]
[GameId "2166508130513312"]
[EventDate "2024.01.27"]
[WhiteTeam "MyInvestor Casablanca B"]
[BlackTeam "Jaime Casas"]

1. e4 c5 2. Nf3 Nc6 3. d4 cxd4 4. Nxd4 e5 5. Nb5 d6 6. N1c3 a6 7. Na3 b5 8. Nd5 Nge7 9. Bg5 h6 10. Bh4 Qa5+ 11. c3 Nxd5 12. Qxd5 Bb7 13. Be2 Qc7 14. Qd3 Be7 15. Bxe7 Nxe7 16. O-O d5 17. exd5 Nxd5 18. Bf3 Rd8 19. Qe4 O-O 20. Rfe1 Rfe8 21. c4 bxc4 22. Rac1 c3 23. bxc3 Ba8 24. Qc4 Qa5 25. Nc2 Nxc3 26. Bxa8 Rxa8 27. Nb4 Na4 28. Nc6 Qb5 29. Nxe5 Qxc4 30. Nxc4 Rxe1+ 31. Rxe1 Rc8 32. Ne3 Nc3 33. a3 Nb5 34. g3 Nxa3 35. Ra1 Rc3 36. Kg2 a5 37. Kf3 Nc4 38. Ra4 Nxe3 39. fxe3 Rc5 40. Rd4 Rc8 41. Ra4 Ra8 42. Kf4 Kh7 43. Kf5 Ra6 44. e4 g6+ 45. Kf4 Kg7 46. e5 h5 47. h4 f6 48. exf6+ Kxf6 49. Ke4 Ke6 50. Kd4 Kd6 51. Kc4 Kc6 52. Kc3 Kb5 53. Re4 a4 54. Re5+ Kc6 55. Re6+ Kb7 56. Re7+ Kc8 57. Kb2 a3+ 58. Ka2 Kd8 59. Re5 Kd7 60. Re3 Kd6 61. Re2 Kd5 62. Re3 Ra4 63. Re8 Re4 64. Rd8+ Ke5 65. Rd3 Re2+ 66. Kxa3 Ke4 67. Rd6 Re3+ 68. Kb4 Rxg3 69. Kc5 Rg4 0-1

[Event "Campeonato de Aragon por Equipos 2024 - "]
[Site "?"]
[Date "2024.03.02"]
[Round "6.6"]
[White "Newrkla, Katharina"]
[Black "Felipo Martinez, Marcos"]
[Result "1-0"]
[WhiteElo "2173"]
[BlackElo "2033"]
[PlyCount "97"]
[GameId "2166508130550177"]
[EventDate "2024.01.27"]
[WhiteTeam "Jaime Casas"]
[BlackTeam "MyInvestor Casablanca B"]

1. e4 e5 2. Nf3 Nc6 3. Bb5 a6 4. Ba4 Nf6 5. O-O Bc5 6. c3 b5 7. Bb3 d6 8. d4 Bb6 9. a4 Bg4 10. Be3 Rb8 11. axb5 axb5 12. Na3 O-O 13. Nxb5 Re8 14. Bc2 exd4 15. cxd4 Nxe4 16. Bxe4 Rxe4 17. Qc2 Qe8 18. Ng5 Bf5 19. Nxe4 Bxe4 20. Qd1 Bg6 21. Nc3 Nb4 22. Qa4 c5 23. dxc5 Bxc5 24. Bxc5 dxc5 25. Qxe8+ Rxe8 26. Na4 c4 27. Nb6 Nc2 28. Ra4 Bd3 29. Rc1 Nd4 30. Kh1 Nb3 31. Rg1 Nd2 32. Rga1 g6 33. Ra8 Rxa8 34. Rxa8+ Kg7 35. Kg1 Kf6 36. f3 h5 37. Kf2 Ke6 38. Ke3 Nb3 39. Rc8 Na5 40. b4 Nb7 41. Nxc4 Bf1 42. g3 g5 43. Nd2 Bg2 44. Ne4 g4 45. Rb8 Nd6 46. Rb6 gxf3 47. Rxd6+ Ke5 48. Rd2 h4 49. Ng5 1-0

[Event "Campeonato de Aragon por Equipos 2024 - "]
[Site "?"]
[Date "2024.03.02"]
[Round "6.7"]
[White "Jaime Galeano, Alcher"]
[Black "Gimenez Martinez, Alberto"]
[Result "1/2-1/2"]
[WhiteElo "1890"]
[BlackElo "2164"]
[PlyCount "125"]
[GameId "2166508130587042"]
[EventDate "2024.01.27"]
[WhiteTeam "MyInvestor Casablanca B"]
[BlackTeam "Jaime Casas"]

1. e4 c5 2. Nf3 d6 3. d4 Nf6 4. Nc3 cxd4 5. Qxd4 a6 6. Bg5 Nc6 7. Qd2 e6 8. O-O-O Bd7 9. Be2 b5 10. e5 dxe5 11. Qe3 Ng4 12. Qd2 Qc7 13. Bh4 Bb4 14. h3 Nf6 15. Bxf6 gxf6 16. Qe3 O-O-O 17. a3 Be7 18. Kb1 Kb8 19. Nd2 Nd4 20. Nb3 Nxb3 21. cxb3 Bc5 22. Qf3 Bc6 23. Qxf6 Bxg2 24. Rhg1 Bxh3 25. Rc1 Bf5+ 26. Ka2 Qe7 27. Qxe5+ Bd6 28. Qe3 Qa7 29. Qf3 Qb7 30. Qe3 Qa7 31. Qf3 Be5 32. Rgd1 Rxd1 33. Rxd1 Rc8 34. Bd3 Bg6 35. Bxg6 hxg6 36. Rd3 Qc7 37. Qe3 Bg7 38. Ne4 Rd8 39. Rxd8+ Qxd8 40. Qf4+ Qc7 41. Qxc7+ Kxc7 42. Ng5 Kd6 43. Nxf7+ Kd5 44. Kb1 Ke4 45. Nd8 e5 46. Ne6 Bh6 47. Nc5+ Kf3 48. Nxa6 Kxf2 49. Nc5 Kf3 50. Nd3 Ke4 51. Kc2 g5 52. Kd2 g4+ 53. Ke2 g3 54. Ne1 Bc1 55. a4 bxa4 56. bxa4 Bxb2 57. a5 Bd4 58. a6 Bb6 59. Kf1 Ba7 60. Kg2 Kd5 61. Kxg3 Kc6 62. Kf3 Kb5 63. Ke4 1/2-1/2

[Event "Campeonato de Aragon por Equipos 2024 - "]
[Site "?"]
[Date "2024.03.02"]
[Round "6.8"]
[White "Romero Pallares, Daniel"]
[Black "Ciriano Lamban, Alejandro"]
[Result "1-0"]
[WhiteElo "2231"]
[BlackElo "1996"]
[PlyCount "67"]
[GameId "2166508130628003"]
[EventDate "2024.01.27"]
[WhiteTeam "Palacio De Pioneros"]
[BlackTeam "Marcos Frechin B"]

1. Nf3 Nf6 2. g3 d5 3. Bg2 e6 4. O-O Be7 5. c4 O-O 6. d4 c6 7. Qc2 Nbd7 8. Rd1 Ne4 9. Be3 f5 10. Nfd2 Ndf6 11. f3 Nd6 12. Bf2 Bd7 13. b3 Be8 14. Nc3 Bg6 15. Qb2 h5 16. e3 h4 17. Ne2 Nh5 18. c5 Ne8 19. b4 Bf7 20. Nf4 g5 21. Nd3 Nef6 22. Ne5 Nd7 23. Nb3 Qc7 24. Rab1 Bf6 25. f4 hxg3 26. hxg3 Kg7 27. Bf3 Rh8 28. Kf1 Rag8 29. Ke2 Kf8 30. Rg1 gxf4 31. gxf4 Ke7 32. Rxg8 Rxg8 33. Nxf7 Nxf4+ 34. exf4 1-0